Kent ve yerel yönetim (Record no. 3933)

MARC details
000 -BAŞLIK
Sabit Uzunlukta Kontrol Alanı 00597na a2200229 4500
001 - KONTROL NUMARASI
Denetim Alanı 18884
003 - KONTROL NUMARASI IDENTIFIER
Denetim Alanı MIRAKIL
005 - SON İŞLEM TARİHİ VE ZAMANI
Denetim Alanı 20181213154948.0
008 - SABİT-BOY VERİ ELEMANLARI - GENEL BİLGİLER
Sabit Uzunlukta Kontrol Alanı 161204b tu 000 0
020 ## - ULUSLARARASI STANDART KİTAP NUMARASI
Uluslararası Standart Kitap Numarası 9789944936231
035 ## - SİSTEM KONTROL NUMARASI
Sistem Kontrol Numarası 18884
040 ## - KATALOGLAMA KAYNAK
Orijinal Kataloglama Ajansı Milas
Kataloglama Dili tur
Metne Dönüştürmek Ajansı TR-AnCHP
041 ## - DİL KODU
Metin / Ses Parça Veya Ayrı Başlığın Dil Kodu tur
082 ## - DEWEY ONLU SINIFLANDIRMA NUMARASI
Sınıflandırma Numarası 352.0561
Ürün Numarası B27k 2008
090 ## - SINIFLAMA NUMARASI
Sınıflama Numarası 352.0561 B27k 2008
100 ## - ANA GİRİŞ - KİŞİSEL İSİM
Kişisel Ad Başaran, İsmail.
245 ## - BAŞLIK TABLOSU
Başlık Kent ve yerel yönetim
Sorumluluk Tablosu, Vb İsmail Başaran
260 ## - YAYIN, DAĞITIM, VB
Yayın, Dağıtım, Vb Yeri İstanbul
Yayıncı, Dağıtıcı, Vs Adı Okutan Yayınları
Yayın, Dağıtım, Vb Tarihi 2008
300 ## - FİZİKSEL TANIM
Kapsam 95 s.
Boyutlar 21 sm.
650 ## - KONU KATMA GİRİŞ - TOPİKAL DÖNEM
Topikal Süreli Veya Coğrafi Ad Giriş Elemanı Yerel yönetimler
Coğrafi Alt Bölümü Türkiye
942 ## - EKLENDİ GİRİŞ ELEMANLARI (KOHA)
Sınıflandırma Veya Raf Düzeni Kaynak Dewey Decimal Classification
Koha Öğesi Türü Books
999 ## - SİSTEM KONTROL NUMARALARI (KOHA)
Koha Biblionumber 3933
Koha Biblioitemnumber 3933
Holdings
Kalıcı Konum Mevcut Konum Edinme Tarihi Edinim Kaynak Toplam Check-Out'Lar Tam Çağrı Numarası Barkod Tarih Son Görülme İtibaren Geçerli Fiyatlar Koha Öğesi Türü
CHP Kütüphanesi CHP Kütüphanesi 12/04/2016 Bağış   352.0561 B27k 2008 010127 12/04/2016 12/04/2016 Books